000
00298nam a2200109Ia 4500
008
230320s9999||||xx |||||||||||||| ||spa||
082
_a
268.433/P85/5
100
_a
Comisión Catequística De La Prelatura De Yauyos
245
0
_a
Vida Cristiana : 5 De Secundaria
260
_b
Jalsa
942
_8
5
_c
LIB
999
_c
41462
_d
41462